LEADER 01026nam 2200337 450 001 990000780840203316 035 $a0078084 035 $aUSA010078084 035 $a(ALEPH)000078084USA01 035 $a0078084 100 $a20011129d1981----km-y0itay0103----ba 101 $aita 102 $aIT 105 $a||||||||001yy 200 1 $aErbe in Cina$epanoramica e raffronto con le erbe europee$fElena Massarani$gconsulenza di Enrico Banfi del Museo civico di storia naturale di Milano 210 $aMilano$cEdizioni scientifiche internazionali$d1981 215 $a95 c.$cill.$d27 cm 410 $12001 606 0 $aPiante medicinali 676 $a581.634 700 1$aMASSARANI,$bElena$0550340 801 0$aIT$bsalbc$gISBD 912 $a990000780840203316 951 $aVARIE 317$b102226 LM$cVARIE 959 $aBK 969 $aUMA 979 $aPATTY$b90$c20011129$lUSA01$h1635 979 $c20020403$lUSA01$h1725 979 $aPATRY$b90$c20040406$lUSA01$h1654 996 $aErbe in Cina$9965482 997 $aUNISA